Państwa, których nie lubię - Statystyki

Ogólne statystyki
  • Ten quiz został rozwiązany 4 razy
  • Średni wynik to 1 z 5
Statystyki odpowiedzi
Państwo Answers % Poprawnych
Rosja Rosja
50%
Chiny Chiny
25%
Iran Iran
25%
Korea Północna Korea Północna
25%
Syria Syria
0%
Nie znaleziono quizów pasujących do podanych kryteriów
Rozkład punktacji
Procent ludzi z każdym wynikiem
Percentyl według liczby udzielonych odpowiedzi
Twoja historia wyników
Nie rozwiązałeś tego quizu